• 首页
  • 本馆介绍
  • 公告通知
  • 最新文献
  • 馆藏检索
  • 电子资源
  • 读者导购
  • 参考咨询
  • 我的图书馆
  • 登录
  • 详细信息显示
  • 放入我的书架
  • 预约/预借图书
  • 作者相关作品
  • 分类相关作品
  • 丛书相关作品
  • 出版社相关作品

书目信息

  • 表格格式
  • 工作单格式
  • 卡片格式
题名:
365首中国古今名曲欣赏
    
 
作者: 贺锡德 编著
分册:   戏剧音乐卷
出版信息: 北京   人民音乐出版社  2006
页数: 829页
开本: 21cm
丛书名:
单 册:
中图分类: J605.2 , J617
科图分类:
主题词: 戏曲音乐--音乐欣赏--中国 , 歌曲 , 歌曲--音乐欣赏--中国 , 戏曲音乐 , 音乐欣赏
电子资源:
ISBN: 7-103-02879-6
000 00963nam0 2200289 450
001 003385401
005 20070806175254.20
010    @a7-103-02879-6@dCNY38.00
100    @a20070110d2006 em y0chiy0110 ea
101 0  @achi
102    @aCN@b110000
105    @aag z 000yy
200 1  @a365首中国古今名曲欣赏@9365 shou zhong guo gu jin ming qu xin shang@i戏剧音乐卷@i歌舞剧·秧歌剧·歌剧·舞剧·戏曲@f贺锡德编著
210    @a北京@c人民音乐出版社@d2006
215    @a829页@c照片@d21cm
304    @a英文共同题名:A guide to 365 famous pieces of Chinese music
330    @a按作品创作年代的先后顺序,介绍了戏曲音乐作者的生平、作品内容、历史背景、创作过程等内容。
606 0  @a戏曲音乐@x音乐欣赏@y中国
606 0  @a歌曲
606 0  @a歌曲@x音乐欣赏@y中国
606 0  @a戏曲音乐
606 0  @a音乐欣赏
690    @aJ605.2@v4
690    @aJ617@v4
701  0 @a贺锡德@9he xi de@f(1929~)@4编著
801  0 @aCN@bNLC@c20070806
905    @a10447@dJ605.2@e523
    
    365首中国古今名曲欣赏.戏剧音乐卷.歌舞剧·秧歌剧·歌剧·舞剧·戏曲/贺锡德编著.-北京:人民音乐出版社,2006
    829页:照片;21cm
    
    
    ISBN 7-103-02879-6:CNY38.00
    按作品创作年代的先后顺序,介绍了戏曲音乐作者的生平、作品内容、历史背景、创作过程等内容。
●
相关链接 在E读中查询图书 在五车中查询图书 在当当中查询图书 在豆瓣中查询图书


正题名:365首中国古今名曲欣赏     索取号:J605.2/523         预约/预借

序号 登录号 条形码 馆藏地/架位号 状态 备注
1 0804926   208049262   第一样本阅览室/ [索取号:J605.2/523] 在馆    
2 0804927   208049271   第一借阅区/ [索取号:J605.2/523] 在馆    
3 0804928   208049280   第一借阅区/ [索取号:J605.2/523] 在馆    
4 0804929   208049299   第一借阅区/ [索取号:J605.2/523] 在馆    
5 0804930   208049306   密集书库-音乐系/ [索取号:J605.2/523] 在馆    
唐山师范学院图书馆 欢迎您!
大连网信软件有限公司© 版权所有